Maua kwenye jua la asubuhi / (Record no. 9431)
[ view plain ]
| 000 -LEADER | |
|---|---|
| fixed length control field | 00466cam a22001697a 4500 |
| 005 - DATE AND TIME OF LATEST TRANSACTION | |
| control field | 20250901165813.0 |
| 008 - FIXED-LENGTH DATA ELEMENTS--GENERAL INFORMATION | |
| fixed length control field | 080226s2007 ke 000 0 swa |
| 010 ## - LIBRARY OF CONGRESS CONTROL NUMBER | |
| LC control number | 2008349184 |
| 020 ## - INTERNATIONAL STANDARD BOOK NUMBER | |
| International Standard Book Number | 9966962298 |
| 050 00 - LIBRARY OF CONGRESS CALL NUMBER | |
| Classification number | PL 8704 .M34 2004 |
| 100 0# - MAIN ENTRY--PERSONAL NAME | |
| Personal name | Kithaka wa Mberia. |
| 245 10 - TITLE STATEMENT | |
| Title | Maua kwenye jua la asubuhi / |
| Statement of responsibility, etc. | Kithaka wa Mberia. |
| 250 ## - EDITION STATEMENT | |
| Edition statement | Toleo la 1. |
| 260 ## - PUBLICATION, DISTRIBUTION, ETC. | |
| Place of publication, distribution, etc. | Nairobi : |
| Name of publisher, distributor, etc. | Marimba Publications, |
| Date of publication, distribution, etc. | 2004. |
| 300 ## - PHYSICAL DESCRIPTION | |
| Extent | vii, 84 p. ; |
| Dimensions | 18 cm. |
| 942 ## - ADDED ENTRY ELEMENTS (KOHA) | |
| Source of classification or shelving scheme | Library of Congress Classification |
| Withdrawn status | Lost status | Source of classification or shelving scheme | Damaged status | Not for loan | Collection | Home library | Current library | Shelving location | Date acquired | Source of acquisition | Total checkouts | Full call number | Barcode | Date last seen | Copy number | Price effective from | Koha item type |
|---|---|---|---|---|---|---|---|---|---|---|---|---|---|---|---|---|---|
| Library of Congress Classification | Main Library | Main Library | 03/21/2025 | Donation from KICD | PL 8704 .M34 2004 | PIUD0000450 | 03/27/2025 | 1 | 03/27/2025 | Books | |||||||
| Library of Congress Classification | Main Library | Main Library | 03/21/2025 | Donation from KICD | PL 8704 .M34 2004 | PIUD0000451 | 03/27/2025 | 2 | 03/27/2025 | Books |